Historia general Moderna: del Renacimiento a la crisis del siglo XX.

Saved in:
Bibliografiske detaljer
Hovedforfatter: Vicens Vives, Jaime
Format: Bog
Sprog:spansk
Udgivet: Barcelona, España Vicens-Vives 1981
Fag:
Tags: Tilføj Tag
Ingen Tags, Vær først til at tagge denne postø!

MARC

LEADER 00000cam a2200000 a 4500
001 UCH3944
003 CL-VaPUC
005 20210831074618.0
008 090818e19810000SP |||||||||||||||||spa|d
999 |c 335346  |d 335344 
020 |a 8431619848 
020 |a 8431619856 
040 |c Pontificia Universidad Católica de Valparaíso 
082 0 4 |a 909.08 VIC 1981  |2 21 
100 0 |a Vicens Vives, Jaime  |9 539438 
245 1 0 |a Historia general Moderna: del Renacimiento a la crisis del siglo XX. 
260 0 3 |a Barcelona, España  |b Vicens-Vives  |c 1981 
300 |a 2 volúmenes. 
500 |a v.1: siglos XV-XVIII 
500 |a v.2: siglos XVIII-XX: Historia moderna del Extremo Oriente 
583 |a last modification  |c 20120313 01:24:05  |k Rodrigo Vera 
650 0 |a Historia universal  |9 266877 
650 0 |a Capitalismo  |9 255255 
650 0 |a Humanismo  |9 256530 
650 7 |a REFORMA  |2 CL-VaPUC  |9 319527 
650 0 |a Imperialismo  |9 258264 
650 0 |a Liberalismo  |9 255715 
650 0 |a Absolutismo  |9 257456 
650 7 |a SIGLOS 15-20  |2 CL-VaPUC  |9 373281 
942 |c BK  |2 ddc 
945 |d 20090818 00:00:00  |a ccalabra